00540nam a2200181Ia 4500008004100000020001600041082001300057100003000070245003500100250000700135260004200142300001800184500002400202650001500226942000700241952009300248999001700341230524s9999 xx 000 0 und d a9.78819E+12 a340bTRI aB.N. Mani Tripathi943629 0aJurisprudence The Legal Theory a19 aAllahabadbAllahabad law agencyc2017 a"xxxii,544p;" aQuantity Number: 1 aLAW943630 cBK 00104070aTATCLbTATCLcGENd2023-05-24l0o340 TRIp56745r2023-05-24w2023-05-24yBK c59298d59298